Normal view
MARC view
- جواز سفر اردني - نظام حوسبة
Entry Topical Term
001 - CONTROL NUMBER
- control field: 58332
003 - CONTROL NUMBER IDENTIFIER
- control field: JO-AjAnu
005 - DATE AND TIME OF LATEST TRANSACTION
- control field: 20230606083539.0
008 - FIXED-LENGTH DATA ELEMENTS
- fixed length control field: 230606|| aca||aabn | a|a d
040 ## - CATALOGING SOURCE
- Original cataloging agency: JO-AjAnu
- Transcribing agency: JO-AjAnu
150 ## - HEADING--TOPICAL TERM
- Topical term or geographic name entry element: جواز سفر اردني - نظام حوسبة
670 ## - SOURCE DATA FOUND
- Source citation: Work cat.: (JO-AjAnu)29757: اعداد ثراء محمود الخطيب، اعتدال طلال الشريدة، سلام علي الهياجنة؛ اشراف محمد بني يونس, author 58331, جواز سفر الكتروني اردني = Online Electronic Passport Jordan